000 00248nam a2200109Ia 4500
008 220204s9999 xx 000 0 und d
082 _a82-3
_bMAS
100 _aJohn
245 0 _aFandango rock
260 _aGreat Britain
_bSphere
_c1976
942 _cBK
999 _c28532
_d28532